[Event "ESC 4#0007 email"]
[Site "ESC email"]
[Date "2000.07.02"]
[Round "?"]
[White "Haertig, Manfred"]
[Black "Bitter, Klaus Martin"]
[Result "0-1"]
[WhiteElo "1263"]
[BlackElo "1000"]
[PlyCount "72"]
[EventDate "2000.??.??"]
[EventType "tourn (corr)"]
[EventRounds "6"]
[SourceTitle "Corr 2004"]
[Source "ChessBase"]
[SourceDate "2003.04.28"]
[SourceVersion "3"]
[SourceVersionDate "2003.04.28"]
[SourceQuality "1"]

1. b4 c6 2. Bb2 a5 3. bxa5 Rxa5 4. e3 d5 5. Nf3 Bg4 6. Be2 Nd7 7. 0-0 e6 8. d3 Ngf6 9. h3 Bh5 10. Nbd2 Bd6 11. c4 0-0 12. d4 b6 13. g4 Bg6 14. Nh4 Be4 15. f3 Ne8 16. Ng2 Bg6 17. Bc3 Ra7 18. e4 dxe4 19. Nxe4 Bb8 20. Be1 Bxe4 21. fxe4 Qc7 22. e5 c5 23. a3 cxd4 24. Qxd4 Qc5 25. Qxc5 bxc5 26. Bh4 Bxe5 27. Be7 Bxa1 28. Rxa1 f6 29. Bxf8 Kxf8 30. Bd3 g6 31. Kf2 Ne5 32. Ke2 Nd6 33. Ne3 f5 34. gxf5 gxf5 35. a4 Ke7 36. Ra2 Ra5 0-1

[Event "ESC 4#0007 email"]
[Site "ESC email"]
[Date "2000.06.20"]
[Round "?"]
[White "Bitter, Klaus Martin"]
[Black "Boceck, Oliver"]
[Result "1-0"]
[WhiteElo "1000"]
[BlackElo "1023"]
[PlyCount "62"]
[EventDate "2000.??.??"]
[EventType "tourn (corr)"]
[EventRounds "6"]
[SourceTitle "Corr 2004"]
[Source "ChessBase"]
[SourceDate "2003.04.28"]
[SourceVersion "3"]
[SourceVersionDate "2003.04.28"]
[SourceQuality "1"]

1. d4 d5 2. c4 Nc6 3. Nf3 Bg4 4. cxd5 Bxf3 5. gxf3 Qxd5 6. e3 e6 7. Nc3 Qh5 8. Bd2 0-0-0 9. f4 Qxd1+ 10. Rxd1 Nf6 11. Bg2 Ne7 12. Rc1 Ned5 13. a3 Nxc3 14. Bxc3 Nd5 15. Ba5 Nb6 16. Rc2 Bd6 17. h4 h6 18. h5 g5 19. hxg6 fxg6 20. Bxb6 axb6 21. Bh3 Rde8 22. d5 Kb8 23. dxe6 g5 24. f5 Reg8 25. Bg4 Be7 26. f3 Rd8 27. Rch2 Rd3 28. Rxh6 Rxh6 29. Rxh6 Rxe3+ 30. Kd2 Re5 31. f6 Bf8 1-0